The Chilean revolution : conversations with Allende
Saved in:
| Main Author: | |
|---|---|
| Other Authors: | |
| Format: | Book |
| Language: | English French |
| Published: |
New York :
Vintage Books,
1971.
|
| Subjects: | |
| Tags: |
Add Tag
No Tags, Be the first to tag this record!
|
MARC
| LEADER | 00000cam a2200000 a 4500 | ||
|---|---|---|---|
| 001 | 1/113243 | ||
| 008 | 170307s1971####nyu| ||| |||| ||eng|| | ||
| 020 | |a 0394473396 | ||
| 040 | |a GR-MyUa |b gre |c GR-MyUa |e AACR2 | ||
| 041 | 1 | |a eng |h fre | |
| 082 | 7 | |a 320.983 |2 (23) | |
| 100 | 1 | |a Debray, Regis. | |
| 245 | 1 | 4 | |a The Chilean revolution : |b conversations with Allende / |c Regis Debray. |
| 260 | |a New York : |b Vintage Books, |c 1971. | ||
| 300 | |a 201 σ. ; |c 18 εκ. | ||
| 500 | |a Μετάφραση της γαλλικής έκδοσης: Entretiens avec Allende sur la situation au Chili. | ||
| 651 | 0 | |a Chile |x Politics and government |y 1970-1973. | |
| 700 | 1 | |a Allende Gossens, Salvador, |d 1908-1973. | |
| 852 | |a INST |b LESVOS |e 20170307 |h 320.983 DEB |p 005100058825 |q 005100058825 |t BK |y 0 | ||
| 970 | |a Τζαφέρη |b Ευαγγελία |z 07-03-2017 | ||